Statistics for Business and Economics /

Guardado en:
Detalles Bibliográficos
Autores principales: Anderson, David R (Autor), Sweeney, Denis J. (Autor), Williams, Thomas A (Autor), Camm, Jeffrey D. (Autor), Cochran, James J. (Autor)
Formato: Libro
Lenguaje:inglés
Publicado: Cengage 2020
Edición:5. vyd.
Materias:
Etiquetas: Agregar Etiqueta
Sin Etiquetas, Sea el primero en etiquetar este registro!

MARC

LEADER 00000nam a22000003a 4500
001 0084026
003 SK-STU
005 20201028143633.3
007 ta
008 201028s ----xo-----e------000-0-----d
020 |a 978-1-4737-6845-1 
040 |a STU  |b slo 
041 0 |a eng 
100 1 |a Anderson, David R  |4 aut 
245 1 0 |a Statistics for Business and Economics /  |c aut. David R Anderson, Denis J Sweeney, Thomas A Williams, Jeffrey D Camm, James J Cochran 
250 |a 5. vyd. 
260 |b Cengage  |c 2020 
300 |a 636 s. 
650 0 7 |a štatistika 
700 1 |a Sweeney, Denis J.  |4 aut 
700 1 |a Williams, Thomas A  |4 aut 
700 1 |a Camm, Jeffrey D.  |4 aut 
700 1 |a Cochran, James J.  |4 aut 
996 |b 284M088455  |c M* 14378-1  |l MMST  |s A  |a 24  |w 0084026_0001